[Event "Goch op 19th"]
[Site "Goch"]
[Date "2008.10.12"]
[Round "6"]
[White "Kraft, Ingo"]
[Black "Stelter, Wilhelm"]
[Result "1/2-1/2"]
[WhiteElo "1417"]
[BlackElo "1757"]
[PlyCount "71"]
[EventDate "2008.10.09"]
[EventType "swiss"]
[EventRounds "7"]
[EventCountry "GER"]
[SourceTitle "EXT 2011"]
[Source "ChessBase"]
[SourceDate "2010.11.26"]
[SourceVersion "1"]
[SourceVersionDate "2010.11.26"]
[SourceQuality "1"]

1. Nc3 e5 2. e4 Nc6 3. Bc4 Nf6 4. d3 Bb4 5. Bd2 Na5 6. Bb3 Nxb3 7. axb3 Be7 8. Nf3 d6 9. Ne2 d5 10. exd5 Qxd5 11. Ra5 c5 12. Nc3 Qc6 13. Qa1 a6 14. 0-0 e4 15. dxe4 Nxe4 16. Nxe4 Qxe4 17. Qa4+ Qxa4 18. Rxa4 0-0 19. Re4 Bd6 20. Bf4 Bxf4 21. Rxf4 b6 22. Re1 h6 23. b4 cxb4 24. Rxb4 b5 25. c3 Be6 26. Rd4 a5 27. Rde4 Bd5 28. Re5 Bxf3 29. gxf3 Rfb8 30. Re7 a4 31. Rc7 b4 32. Ree7 bxc3 33. bxc3 a3 34. Rxf7 a2 35. Rxg7+ Kh8 36. Rh7+ 1/2-1/2

[Event "Goch op 19th"]
[Site "Goch"]
[Date "2008.10.09"]
[Round "1"]
[White "Kraft, Ingo"]
[Black "Coenen, Siegfried"]
[Result "0-1"]
[WhiteElo "1417"]
[BlackElo "2008"]
[PlyCount "96"]
[EventDate "2008.10.09"]
[EventType "swiss"]
[EventRounds "7"]
[EventCountry "GER"]
[SourceTitle "EXT 2011"]
[Source "ChessBase"]
[SourceDate "2010.11.26"]
[SourceVersion "1"]
[SourceVersionDate "2010.11.26"]
[SourceQuality "1"]

1. Nc3 e5 2. e4 Nf6 3. Nf3 d6 4. Bc4 Be7 5. 0-0 Nc6 6. a3 Bg4 7. Be2 d5 8. d3 d4 9. Na2 Qd7 10. c3 dxc3 11. Nxc3 Rd8 12. Ne1 Be6 13. h3 Nd4 14. Be3 Nb3 15. Rb1 0-0 16. f4 exf4 17. Rxf4 Nd4 18. e5 Nxe2+ 19. Qxe2 Nd5 20. Nxd5 Qxd5 21. d4 Bg5 22. Nd3 Bxf4 23. Nxf4 Qe4 24. Rf1 Bc4 25. Qf3 Qxf3 26. Rxf3 Rfe8 27. Kf2 c5 28. Rg3 cxd4 29. Bc1 Rxe5 30. Nd3 Re3 31. Bxe3 dxe3+ 32. Rxe3 Bxd3 33. Re7 Ba6 34. Ke3 Kf8 35. Re5 Re8 36. Rxe8+ Kxe8 37. g3 Ke7 38. a4 Ke6 39. b4 Ke5 40. b5 Bxb5 41. axb5 a5 42. bxa6 bxa6 43. Kd3 f5 44. Ke3 h5 45. h4 f4+ 46. gxf4+ Kf5 47. Kf3 a5 48. Ke3 a4 0-1

[Event "Goch op 18th"]
[Site "Goch"]
[Date "2007.10.06"]
[Round "5"]
[White "Kraft, Ingo"]
[Black "Czajka, Detlef"]
[Result "1/2-1/2"]
[WhiteElo "1451"]
[BlackElo "1733"]
[PlyCount "47"]
[EventDate "2007.10.04"]
[EventType "swiss"]
[EventRounds "7"]
[EventCountry "GER"]
[SourceTitle "EXT 2011"]
[Source "ChessBase"]
[SourceDate "2010.11.26"]
[SourceVersion "1"]
[SourceVersionDate "2010.11.26"]
[SourceQuality "1"]

1. e4 c5 2. Nc3 Nc6 3. g3 g6 4. Bg2 Bg7 5. Nge2 e6 6. d3 a6 7. Be3 Nd4 8. Qd2 Ne7 9. Nd1 d5 10. c3 Nxe2 11. Bxc5 dxe4 12. Bxe4 Nxc3 13. bxc3 Qc7 14. Be3 0-0 15. Bh6 Bd7 16. Bxg7 Kxg7 17. Ne3 f5 18. Bg2 Bc6 19. 0-0 f4 20. Nc2 Bxg2 21. Kxg2 f3+ 22. Kh1 e5 23. Rfe1 Rae8 24. Re4 1/2-1/2

[Event "Goch op 17th"]
[Site "Goch"]
[Date "2006.10.14"]
[Round "4"]
[White "Kraft, Ingo"]
[Black "Schuermann, Jan"]
[Result "1-0"]
[WhiteElo "1490"]
[BlackElo "1349"]
[PlyCount "67"]
[EventDate "2006.10.12"]
[EventType "swiss"]
[EventRounds "7"]
[EventCountry "GER"]
[SourceTitle "EXT 2008"]
[Source "ChessBase"]
[SourceDate "2007.11.25"]
[SourceVersion "1"]
[SourceVersionDate "2007.11.25"]
[SourceQuality "1"]

1. e4 c5 2. Nc3 Nc6 3. g3 Nf6 4. Bg2 e6 5. d3 d5 6. exd5 exd5 7. Nge2 Be7 8. 0-0 0-0 9. Bf4 Be6 10. a3 a6 11. d4 cxd4 12. Nxd4 Nxd4 13. Qxd4 Rc8 14. Qd2 Qd7 15. Bg5 Rfd8 16. Bxf6 Bxf6 17. Na4 Qxa4 18. c3 Qd7 19. Rad1 b5 20. Qe3 Qd6 21. Kh1 Qe5 22. Qa7 Ra8 23. Qb6 Qe2 24. f4 Qxb2 25. f5 Qxa3 26. fxe6 Rab8 27. exf7+ Kxf7 28. Qc7+ Qe7 29. Bxd5+ Kf8 30. Qc6 h6 31. Rde1 Qd6 32. Re8+ Rxe8 33. Qxd6+ Re7 34. Qxb8+ 1-0

[Event "Duisburg Grossenbaum op"]
[Site "Duisburg"]
[Date "2006.06.03"]
[Round "3"]
[White "Kraft, Ingo"]
[Black "Rolle, Harald"]
[Result "1-0"]
[WhiteElo "1457"]
[BlackElo "1360"]
[PlyCount "61"]
[EventDate "2006.06.02"]
[EventType "swiss"]
[EventRounds "7"]
[EventCountry "GER"]
[SourceTitle "EXT 2007"]
[Source "ChessBase"]
[SourceDate "2006.11.23"]
[SourceVersion "1"]
[SourceVersionDate "2006.11.23"]
[SourceQuality "1"]

1. e4 e5 2. Nc3 Nc6 3. g3 Nf6 4. Bg2 Bc5 5. Nge2 d6 6. Na4 Be6 7. Nxc5 dxc5 8. d3 Nd4 9. 0-0 h5 10. Nxd4 cxd4 11. f4 exf4 12. Bxf4 Ng4 13. h3 g5 14. Bd2 Ne5 15. Qe2 c5 16. b3 b5 17. c4 b4 18. a3 a5 19. axb4 cxb4 20. Ra2 Ra7 21. Rfa1 f6 22. Bxb4 Rb7 23. Bxa5 Qd7 24. Be1 Ke7 25. b4 Bxh3 26. b5 Bg4 27. Qf1 h4 28. Ra6 Rh6 29. gxh4 gxh4 30. Bxh4 Nf7 31. Bxf6+ 1-0

[Event "Nettetal Chessgate op"]
[Site "Nettetal"]
[Date "2004.08.14"]
[Round "8"]
[White "Hollender, Christoph"]
[Black "Kraft, Ingo"]
[Result "1-0"]
[WhiteElo "1759"]
[BlackElo "1386"]
[PlyCount "71"]
[EventDate "2004.08.07"]
[EventType "swiss"]
[EventRounds "9"]
[EventCountry "GER"]
[SourceTitle "EXT 2006"]
[Source "ChessBase"]
[SourceDate "2005.11.24"]
[SourceVersion "1"]
[SourceVersionDate "2005.11.24"]
[SourceQuality "1"]

1. d4 Nf6 2. c4 c6 3. Nc3 d5 4. cxd5 Nxd5 5. e4 Nxc3 6. bxc3 g6 7. Nf3 Bg7 8. Bc4 Bg4 9. 0-0 0-0 10. Ba3 b5 11. Bb3 Re8 12. h3 Bxf3 13. Qxf3 e6 14. Rad1 Qf6 15. Qe2 a5 16. Bc2 Nd7 17. f4 Bf8 18. Bxf8 Kxf8 19. Qd3 Qe7 20. Rf3 Nf6 21. Qd2 Kg7 22. g4 Rad8 23. Qf2 Ng8 24. e5 Rd7 25. f5 exf5 26. gxf5 Kh8 27. fxg6 fxg6 28. Rf1 Kg7 29. Rf6 Kh8 30. Rxc6 Qg5+ 31. Kh1 Kg7 32. Rc5 Rb7 33. Be4 Rc7 34. Rxb5 Rec8 35. Rb3 Nh6 36. Qf6+ 1-0

[Event "Nettetal Chessgate op"]
[Site "Nettetal"]
[Date "2004.08.12"]
[Round "6"]
[White "Runkel, Hans Joachim"]
[Black "Kraft, Ingo"]
[Result "1/2-1/2"]
[WhiteElo "1677"]
[BlackElo "1386"]
[PlyCount "99"]
[EventDate "2004.08.07"]
[EventType "swiss"]
[EventRounds "9"]
[EventCountry "GER"]
[SourceTitle "EXT 2006"]
[Source "ChessBase"]
[SourceDate "2005.11.24"]
[SourceVersion "1"]
[SourceVersionDate "2005.11.24"]
[SourceQuality "1"]

1. e4 c5 2. Nc3 Nc6 3. Nf3 d6 4. Bc4 Bg4 5. Bxf7+ Kd7 6. h3 Bxf3 7. gxf3 Nf6 8. Bb3 a6 9. a4 g6 10. d3 Bg7 11. Ne2 Nh5 12. c3 e5 13. Ng3 Qh4 14. Nxh5 Qxh5 15. Qe2 Rhf8 16. Bd1 Bh6 17. Be3 Bf4 18. Qf1 Qh6 19. Qg1 Rf6 20. Kd2 Raf8 21. h4 Qh5 22. Be2 Na5 23. Rf1 b5 24. axb5 axb5 25. Qg4+ Qxg4 26. fxg4 Nb3+ 27. Kc2 Bxe3 28. fxe3 Rxf1 29. Rxf1 Rxf1 30. Bxf1 Na1+ 31. Kd1 Nb3 32. g5 Ke7 33. Bh3 Na5 34. Kc2 Nc6 35. Bc8 Na7 36. Bb7 Kf7 37. b4 Kg7 38. d4 c4 39. Kd2 h6 40. Ke2 h5 41. d5 Kf7 42. Kd2 Ke7 43. Bc6 Nxc6 44. dxc6 Kd8 45. Ke2 Kc7 46. Kf3 Kxc6 47. Kf2 d5 48. exd5+ Kxd5 49. Kf3 Kd6 50. e4 1/2-1/2